00860nam a2200217 a 450000100100000000500170001000800410002702000150006804000250008308200210010810000380012924500760016725000110024326000570025430000330031149000410034450000730038583000480045895201190050699900170062500004247320201002040158.0131204s1986 sp a 000 0 spa d a8474720737 aDO-SdBNPbspacBNPHU axxxxxxxbxxxxxxx1 aPavón Maldonado, Basilio96965314aLas almenas decorativas hispanomusulmanas /cBasilio Pavón Maldonado. a2a ed. aMadrid :bInstituto Hispano-Arabe de Cultura,c1986. a33, xvii p. :bil. ;c25 cm.1 aCuadernos de arte y arqueologíav1 aIncluye referencias bibliográficas y notas al pie de las páginas 0aCuadernos de arte y arqueologían1969654 001050718MOaGRbGRcHDd2013-12-04iLF1l0oxxxxxxx xxxxxxxp42473-10r2020-06-25w2020-06-25y1ZNo se presta c41962d41962